000 01187nac a22002891u 4500
010 _a 97011585
020 _a0415158818 (hb)
020 _a0415096235 (pb)
082 0 0 _a320.0922
_bBEN
090 _c7426
_d7426
100 _a20080729
245 0 4 _aThe Routledge dictionary of twentieth-century political thinkers /
_cedited by Robert Benewick and Philip Green.
246 3 0 _aRoutledge dictionary of 20th-century political thinkers
250 _a2nd ed.
260 _aLondon ;
_aNew York :
_bRoutledge,1998
_c1998.
300 _axv, 277 p. ;
_c24 cm.
500 _adistributer: Al-Ahram
504 _aIncludes bibliographical references and index.
511 _acatalogued by: wessam
650 0 _aPolitical science
_xHistory
_y20th century
_xDictionaries.
650 0 _aPolitical scientists
_xBiography
_xDictionaries.
700 1 _aBenewick, Robert.
700 1 _aGreen, Philip,
_d1932-
856 4 2 _3Publisher description
_uhttp://www.loc.gov/catdir/enhancements/fy0649/97011585-d.html
942 _cBB
_k320.0922BEN
999 _c7426
_d7426